00880 a2200169 4500003000500000005001700005040000900022082001500031100002000046245009300066250002800159260002500187300000900212505044800221600002100669650002000690Nust20230223172621.0 cNust a515.63,WEA aWeatherburn C.E aElementary Vector Analysis with application to geometry and mechanics /cWeatherburn C.E anew and revised edition aLondonbG.Bellc1960 a181p aAddition and Subtraction of Vectors Centroids (Page-9), Further Geometrical Applications (Page-33), Productions Two Vectors Applications (Page-45), Products of Three or Four Vectors Applications (Page-70), Differentiation and Integration of Vectors Curvature and Torsion of Curves (Page-90), Kinematics and Dynamics of a Particle (Page-110), Dynamics of a System of Particles and of a Rigid Body (Page-133), Statics of a Rigid Body (Page-158). aC.E. Weatherburn aVector Analysis